MARC details
| 000 -CABECERA |
| campo de control de longitud fija |
00924nam a2200241 a 4500 |
| 001 - NÚMERO DE CONTROL |
| campo de control |
000036114 |
| 005 - FECHA Y HORA DE LA ÚLTIMA TRANSACCIÓN |
| campo de control |
20240412074258.0 |
| 008 - DATOS DE LONGITUD FIJA--INFORMACIÓN GENERAL |
| campo de control de longitud fija |
111214s2011 dr 000 0 spa d |
| 040 ## - FUENTE DE LA CATALOGACIÓN |
| Centro catalogador/agencia de origen |
DO-SdBNP |
| Lengua de catalogación |
spa |
| Centro/agencia transcriptor |
BNPHU |
| 082 ## - NÚMERO DE LA CLASIFICACIÓN DECIMAL DEWEY |
| Número de clasificación |
RD868.44 |
| Número de documento/Ítem |
M828u |
| 049 ## - FONDOS LOCALES (OCLC) |
| Fondos de biblioteca |
BNPD |
| 100 1# - ENTRADA PRINCIPAL--NOMBRE DE PERSONA |
| Nombre de persona |
Morales López, Agustín, |
| Fechas asociadas al nombre |
1930- |
| 9 (RLIN) |
62149 |
| 245 10 - MENCIÓN DE TÍTULO |
| Título |
Un botón a la luz : |
| Resto del título |
poesías, relato-ficción, biografía / |
| Mención de responsabilidad, etc. |
Agustín Morales López ; prólogo Roberto Santos Hernández. |
| 260 ## - PUBLICACIÓN, DISTRIBUCIÓN, ETC. |
| Lugar de publicación, distribución, etc. |
Santo Domingo : |
| Nombre del editor, distribuidor, etc. |
Primo, |
| Fecha de publicación, distribución, etc. |
2011. |
| 300 ## - DESCRIPCIÓN FÍSICA |
| Extensión |
71 p. ; |
| Dimensiones |
18 cm. |
| 505 0# - NOTA DE CONTENIDO CON FORMATO |
| Título |
Poesías -- |
| -- |
Relato: Quinta espuela -- |
| -- |
Biografía documentada de Gabino Alfredo Morales. |
| 600 14 - PUNTO DE ACCESO ADICIONAL DE MATERIA--NOMBRE DE PERSONA |
| Nombre de persona |
MORALES, GABINO ALFREDO, |
| Fechas asociadas al nombre |
1876-1963 |
| 9 (RLIN) |
62150 |
| 650 #0 - PUNTO DE ACCESO ADICIONAL DE MATERIA--TÉRMINO DE MATERIA |
| Término de materia o nombre geográfico como elemento de entrada |
Poesía dominicana |
| 9 (RLIN) |
66 |
| 650 #0 - PUNTO DE ACCESO ADICIONAL DE MATERIA--TÉRMINO DE MATERIA |
| Término de materia o nombre geográfico como elemento de entrada |
Cuentos dominicanos |
| 9 (RLIN) |
176 |
| 650 #0 - PUNTO DE ACCESO ADICIONAL DE MATERIA--TÉRMINO DE MATERIA |
| Término de materia o nombre geográfico como elemento de entrada |
Literatura dominicana. |
| 9 (RLIN) |
67 |
| 700 12 - PUNTO DE ACCESO ADICIONAL--NOMBRE DE PERSONA |
| Nombre de persona |
Santos Hernández, Hernández, |
| Término indicativo de función/relación |
pról. |
| 9 (RLIN) |
62151 |
| 910 ## - DATOS DE OPCIÓN DEL USUARIO (OCLC) |
| Datos de opción del usuario |
Validado. Control de calidad EMS |